000 00250nam a22000977a 4500
999 _c11463
_d11463
008 190525b ||||| |||| 00| 0 eng d
020 _a9781599201191
100 _aHyland Tony
_97181
245 _aHigh-Risk Robots
260 _aMinesotta
_bSmart Apple
_c2007